Science Quiz

Random Science Quiz

Krebs Cycle Steps Quiz Stats

 Plays Quiz not verified by Sporcle

Challenge
Share
Tweet
Embed
Score 0/10 Timer 06:00
0 Plays Today
Enzyme Used Product % Correct
citrate synthasecitrate
92.4%
pyruvate dehydrogenaseacetyl CoA
88.5%
aconitaseisocitrate
87.8%
What comes inpyruvate
87%
succinyl CoA synthetasesuccinate
85.5%
fumarasemalate
84.7%
a ketoglutarate dehydrogenasesuccinyl CoA
82.4%
succinate dehydrogenasefumarate
79.4%
isocitrate dehydrogenasea ketoglutarate
77.9%
malate dehydrogenaseoxaloacetate
77.1%

You're not logged in!

Compare scores with friends on all Sporcle quizzes.
Join for Free
OR
Log In

You Might Also Like...

Show Comments

Extras

Top Quizzes Today


Score Distribution

Your Account Isn't Verified!

In order to create a playlist on Sporcle, you need to verify the email address you used during registration. Go to your Sporcle Settings to finish the process.

Report this User

Report this user for behavior that violates our Community Guidelines.

Details: